| 000 | 00888nam a2200205Ia 4500 | ||
|---|---|---|---|
| 003 | GCL | ||
| 008 | 140319s9999 xx 000 0 ara d | ||
| 040 |
_aGCL / _cGCL |
||
| 082 | 0 | 4 |
_a781.91 _bر م |
| 100 | 1 | _aرتيبة الحفنى | |
| 245 | 1 | 0 |
_aنشاة الموسيقى : _bمج 1 - نشاة الموسيقى - مج 2 المايسترو الصغير - مج 3 العصر الكلاسيكى - مج 4 العصر الرومانتيكى - مج 5 يوهان شتراوس / _cرتيبة الحفنى |
| 260 |
_aالقاهرة : _bدار الكتاب المصرى ، _c1993 |
||
| 300 |
_aمتعدد ؛ _c18 سم |
||
| 490 |
_aالموسوعة الموسيقية الميسرة _v0 |
||
| 650 | 0 | 4 | _aالالات الموسيقية |
| 650 | 0 | 4 | _aموسيقى الجاز |
| 650 | 0 | 4 | _aالاشكال الموسيقية |
| 650 | 0 | 4 | _aيوهان سباستيان باخ |
| 942 |
_2ddc _cBK |
||
| 999 |
_c56250 _d56250 |
||